[Event "AUTO-ADV-4231"]
[Site "http://www.queenalice.com/game.php?id=1583172"]
[Date "2019.9.12"]
[Round "1"]
[White "brigador"]
[Black "MarcosT"]
[Result "1-0"]
[WhiteElo "1903"]
[BlackElo "1981"]

1. e4 d6 2. d4 Nf6 3. Nc3 g6 4. Nf3 Bg7 5. Bg5 Bg4 6. Be2 Nbd7 7. h3 Bxf3 8.
Bxf3 O-O 9. Qd2 a6 10. Bh6 Bxh6 11. Qxh6 c6 12. O-O e5 13. Rad1 Re8 14. g4 exd4
15. Rxd4 Ne5 16. Bg2 c5 17. Rdd1 Qb6 18. g5 Nh5 19. Nd5 Qd8 20. f4 Nd7 21. f5
Re5 22. f6 Qf8 23. Ne7+ Kh8 24. Qxf8+ Rxf8 25. Rxd6 Nb8 26. Rfd1 Rxg5 27. R6d5
Rxd5 28. Nxd5 Rd8 29. Bf3 Nc6 30. c3 Ne5 31. Bxh5 gxh5 32. Kf2 Ng6 33. Ke3 Ne5
34. b3 b5 35. Ke2 a5 36. Nf4 Rxd1 37. Kxd1 h4 38. Ke2 h6 39. Nd3 Nxd3 40. Kxd3
Kh7 41. a4 Kg6 42. axb5 1-0

[Event "AUTO-ADV-4231"]
[Site "http://www.queenalice.com/game.php?id=1583187"]
[Date "2019.9.12"]
[Round "1"]
[White "rockaudrey"]
[Black "brigador"]
[Result "1-0"]
[WhiteElo "2063"]
[BlackElo "1913"]

1. e4 g6 2. d4 Bg7 3. Nf3 d6 4. Nc3 a6 5. Be3 b5 6. Bd3 Bb7 7. Qd2 Nd7 8. O-O-O
e6 9. h4 Ngf6 10. e5 Bxf3 11. exf6 Bxd1 12. fxg7 Rg8 13. Qxd1 Rxg7 14. Bh6 Rg8
15. Qf3 f5 16. Re1 e5 17. Bg5 Qb8 18. dxe5 Nxe5 19. Qd5 Kf8 20. Bh6+ Rg7 21.
Rxe5 1-0

[Event "AUTO-ADV-4231"]
[Site "http://www.queenalice.com/game.php?id=1583188"]
[Date "2019.9.12"]
[Round "1"]
[White "brigador"]
[Black "rockaudrey"]
[Result "0-1"]
[WhiteElo "1933"]
[BlackElo "2084"]

1. e4 c5 2. Nf3 g6 3. d4 cxd4 4. Nxd4 Bg7 5. Nc3 Nc6 6. Be3 Qa5 7. Qd2 Qb4 8.
O-O-O Nf6 9. f3 O-O 10. Nxc6 bxc6 11. Qd4 Qa5 12. Qc5 Qxc5 13. Bxc5 d6 14. Be3
Be6 15. g4 a5 16. a4 Rab8 17. Be2 Nd7 18. f4 Bxc3 19. bxc3 Nf6 20. f5 Ba2 21.
Bf3 d5 22. e5 Ne4 23. Bxe4 dxe4 24. Bd4 Rfd8 25. c4 e3 26. c3 c5 27. Bxe3 Rb1+
28. Kc2 Rbxd1 29. Rxd1 Bb3+ 30. Kxb3 Rxd1 31. Bxc5 e6 32. f6 Rb1+ 33. Ka2 Rh1
34. g5 Rxh2+ 35. Kb3 Rg2 36. Be3 Rg3 37. Bf4 Rg4 38. Be3 Re4 39. Bd4 Rg4 40. c5
Kf8 41. c6 Ke8 42. Bb6 Rxg5 43. Bc7 h5 44. Kc4 h4 0-1

[Event "AUTO-ADV-4231"]
[Site "http://www.queenalice.com/game.php?id=1583197"]
[Date "2019.9.12"]
[Round "1"]
[White "fabricioprado"]
[Black "brigador"]
[Result "1/2-1/2"]
[WhiteElo "1819"]
[BlackElo "1927"]

1. e4 d5 2. exd5 Nf6 3. Bb5+ c6 4. dxc6 bxc6 5. Ba4 e5 6. Qe2 Bd6 7. Nc3 O-O 8.
d3 Bb7 9. Nf3 Nbd7 10. O-O Re8 11. Bg5 Nc5 12. Bb3 Nxb3 13. cxb3 Ba6 14. Bxf6
gxf6 15. Qd2 Kh8 16. Kh1 f5 17. Rfe1 Qf6 18. Qg5 Qg6 19. Qxg6 fxg6 20. Rad1 Rab8
21. Ng5 Re7 22. f3 Rbe8 23. Ne2 h6 24. Nh3 g5 25. Nc3 Kg7 26. Re2 Bc5 27. Nf2
Bd4 28. Rc1 Re6 29. Rd1 h5 30. h3 Kf7 31. Rdd2 Kf6 32. Nfe4+ fxe4 33. Nxe4+ Kf5
34. g3 Bb7 35. Kg2 c5 36. g4+ hxg4 37. hxg4+ Kg6 38. Ng3 Bc8 39. Rc2 1/2-1/2

[Event "AUTO-ADV-4231"]
[Site "http://www.queenalice.com/game.php?id=1583198"]
[Date "2019.9.12"]
[Round "1"]
[White "brigador"]
[Black "fabricioprado"]
[Result "1/2-1/2"]
[WhiteElo "1932"]
[BlackElo "1814"]

1. e4 e5 2. d4 exd4 3. Bc4 Nc6 4. Nf3 Be7 5. Nxd4 d6 6. Nc3 Nf6 7. O-O O-O 8.
Re1 Ne5 9. Be2 Bg4 10. f3 Bh5 11. Nf5 Bg6 12. Nxe7+ Qxe7 13. f4 Nxe4 14. Nxe4
Bxe4 15. fxe5 dxe5 16. Bf3 Bxf3 17. Qxf3 c6 18. Bf4 f6 19. Bg3 Rad8 20. Rad1
Rxd1 21. Rxd1 Rd8 22. Bf2 Rxd1+ 23. Qxd1 b6 24. c4 Kf8 25. b3 c5 26. Qd5 g5 27.
g4 Kg7 28. Kg2 h6 29. h3 e4 30. Be3 Qc7 31. Qxe4 Qd7 32. Kf3 h5 33. Kf2 hxg4 34.
hxg4 a5 35. a4 Qc7 36. Kg2 Qd7 1/2-1/2

[Event "AUTO-OPEN-4104"]
[Site "http://www.queenalice.com/game.php?id=1587226"]
[Date "2019.10.17"]
[Round "1"]
[White "Alex_ac"]
[Black "brigador"]
[Result "1-0"]
[WhiteElo "1713"]
[BlackElo "1885"]

1. a3 g6 2. c4 Bg7 3. e3 d6 4. d4 a6 5. Nc3 Nf6 6. h3 Nbd7 7. Nf3 c6 8. Be2 O-O
9. O-O Re8 10. b4 b5 11. c5 d5 12. Ne5 Nxe5 13. dxe5 Nd7 14. f4 e6 15. Bb2 f6
16. Na2 f5 17. g4 Qh4 18. Kg2 Qe7 19. g5 a5 20. bxa5 Rxa5 21. Nc3 Qxc5 22. Qd3
Ba6 23. Qc2 1-0

[Event "AUTO-OPEN-4104"]
[Site "http://www.queenalice.com/game.php?id=1587227"]
[Date "2019.10.17"]
[Round "1"]
[White "brigador"]
[Black "Alex_ac"]
[Result "1-0"]
[WhiteElo "1933"]
[BlackElo "1774"]

1. e4 a6 2. d4 e6 3. Nf3 h6 4. c4 g6 5. Nc3 Bg7 6. e5 Ne7 7. Be2 d6 8. Be3 O-O
9. Qc1 Nf5 10. Bf4 Nc6 11. exd6 cxd6 12. g4 Nfxd4 13. Nxd4 Nxd4 14. Bd1 g5 15.
Be3 Nc6 16. a3 Ne5 17. Be2 Bd7 18. Qd2 Bc6 19. Rg1 Bf3 20. Rg3 1-0

[Event "AUTO-OPEN-4104"]
[Site "http://www.queenalice.com/game.php?id=1587248"]
[Date "2019.10.17"]
[Round "1"]
[White "BigRezi"]
[Black "brigador"]
[Result "1-0"]
[WhiteElo "2361"]
[BlackElo "1958"]

1. e4 g6 2. d4 Bg7 3. Nf3 d6 4. Be3 a6 5. Nc3 e6 6. Bd3 b5 7. O-O Bb7 8. a4 b4
9. Ne2 a5 10. c3 Nf6 11. cxb4 axb4 12. e5 Nd5 13. Bg5 Qd7 14. a5 Ba6 15. Bxa6
Nxa6 16. Nf4 Nxf4 17. Bxf4 d5 18. Qe2 c5 19. dxc5 Nxc5 20. Qe3 Ne4 21. a6 Qb5
22. Nd4 Qb6 23. Nf5 Qxe3 24. Nxg7+ Ke7 25. Bxe3 Rhd8 26. f3 d4 27. Bh6 Nc5 28.
Bg5+ 1-0

[Event "AUTO-OPEN-4104"]
[Site "http://www.queenalice.com/game.php?id=1587249"]
[Date "2019.10.17"]
[Round "1"]
[White "brigador"]
[Black "BigRezi"]
[Result "0-1"]
[WhiteElo "1956"]
[BlackElo "2362"]

1. e4 c5 2. Nf3 d6 3. d4 cxd4 4. Nxd4 a6 5. Nc3 Nf6 6. Bg5 e5 7. Nf3 Be7 8. b4
Qc7 9. Qd2 Be6 10. Bd3 Nbd7 11. O-O h6 12. Bh4 Rc8 13. Ne2 g5 14. Bg3 g4 15. Nh4
Qc6 16. f3 gxf3 17. Nxf3 Nxe4 18. Bxe4 Qxe4 19. Rac1 h5 20. Nc3 Qxb4 21. Nb1 Qg4
22. Qe1 h4 23. h3 Qxg3 24. Qxg3 hxg3 25. a3 d5 26. Nbd2 Bxa3 27. Rb1 b5 28. Ne1
Bc5+ 29. Kh1 Bf2 0-1

[Event "AUTO-OPEN-4104"]
[Site "http://www.queenalice.com/game.php?id=1587260"]
[Date "2019.10.17"]
[Round "1"]
[White "Scharlatan"]
[Black "brigador"]
[Result "1-0"]
[WhiteElo "2088"]
[BlackElo "1943"]

1. e4 g6 2. d4 Bg7 3. Nc3 d6 4. f4 e6 5. Nf3 a6 6. Be3 Nd7 7. Bd3 b5 8. O-O Ngf6
9. h3 Bb7 10. f5 c5 11. fxe6 fxe6 12. Ng5 Qe7 13. Ne2 c4 14. Nf4 e5 15. dxe5
dxe5 16. Nd5 Bxd5 17. exd5 cxd3 18. Qxd3 e4 19. Qd2 Ne5 20. Ne6 Nc4 21. Nxg7+
Kf7 22. Qc3 Ne5 23. Bc5 Qb7 24. Qxe5 1-0

[Event "AUTO-OPEN-4104"]
[Site "http://www.queenalice.com/game.php?id=1587261"]
[Date "2019.10.17"]
[Round "1"]
[White "brigador"]
[Black "Scharlatan"]
[Result "0-1"]
[WhiteElo "1943"]
[BlackElo "2091"]

1. e4 c5 2. Nf3 d6 3. d4 cxd4 4. Nxd4 Nf6 5. Nc3 g6 6. Be3 Bg7 7. Bb5+ Nbd7 8.
Nf3 O-O 9. Qd2 a6 10. Bd3 b5 11. Bh6 Bb7 12. Bxg7 Kxg7 13. O-O-O Rc8 14. Qf4 Nh5
15. Qe3 b4 16. Na4 Qc7 17. Kb1 Bc6 18. Qd4+ Kg8 19. Qxb4 Rb8 20. Qa3 Qb7 21. Nd2
Bxa4 22. Nc4 Bb5 23. Na5 Qb6 24. Bxb5 Qxb5 25. Rd5 Qe2 26. Qf3 Qxf3 27. gxf3 Nf4
28. Rdd1 Ne5 29. Rhg1 Ne2 30. Rge1 Nc3+ 31. Kc1 Nxd1 0-1

[Event "AUTO-ADV-4249"]
[Site "http://www.queenalice.com/game.php?id=1587294"]
[Date "2019.10.18"]
[Round "1"]
[White "holandes"]
[Black "brigador"]
[Result "0-1"]
[WhiteElo "1738"]
[BlackElo "1953"]

1. e4 g6 2. d4 Bg7 3. Nf3 d6 4. h3 a6 5. Nc3 b5 6. a3 e6 7. Bd3 Bb7 8. Be3 Nd7
9. Qe2 h6 10. O-O-O c5 11. e5 c4 12. Bxc4 bxc4 13. Qxc4 Rc8 14. Qa4 d5 15. Rd2
Ne7 16. Qb4 Rb8 17. Qa4 O-O 18. g4 Nb6 19. Qb3 Nc4 20. Re2 Bc6 21. Qa2 Rxb2 22.
Qa1 Qa5 23. Nd1 Rb7 24. Nd2 Nxd2 25. Bxd2 Qb6 26. Bc3 Rc8 27. Re3 Ba4 28. h4 Nc6
29. Rd3 Na5 30. Qa2 Rcb8 31. Kd2 Nc4+ 32. Ke1 Qb1 33. Qxb1 Rxb1 34. Ke2 Bxc2 0-1

[Event "AUTO-ADV-4249"]
[Site "http://www.queenalice.com/game.php?id=1587295"]
[Date "2019.10.18"]
[Round "1"]
[White "brigador"]
[Black "holandes"]
[Result "0-1"]
[WhiteElo "1968"]
[BlackElo "1792"]

1. e4 e5 2. Nf3 Nc6 3. d4 Qe7 4. Bc4 exd4 5. O-O d6 6. c3 Bg4 7. Re1 Ne5 8. Nbd2
dxc3 9. bxc3 Qf6 10. Qa4+ c6 11. Be2 Be7 12. h3 Nxf3+ 13. Nxf3 Bd7 14. Qc2 Nh6
15. Bb2 Qg6 16. Kh2 d5 17. Bd3 dxe4 18. Bxe4 Qd6+ 19. Kg1 O-O-O 20. Red1 Qc7 21.
c4 f6 22. Bxh7 f5 23. Bg6 Rhg8 24. Re1 Bf6 25. Rad1 Rgf8 26. Bxf6 Rxf6 27. Ne5
Re6 28. Nxd7 Rxg6 29. Ne5 Rxd1 30. Qxd1 Re6 31. f4 Ng8 32. c5 Nf6 33. Qb3 Re7
34. a4 Nd5 35. g3 g5 36. Qc4 a6 37. Kf2 gxf4 38. gxf4 Rh7 39. Rh1 Qg7 40. Qd3
Qf8 41. Kf3 Qf6 42. Nc4 Kc7 43. Ne3 Ne7 44. Nc4 Nd5 45. Qb3 Qe6 46. Ne5 Rh4 47.
Rg1 Rxf4+ 0-1

[Event "AUTO-ADV-4249"]
[Site "http://www.queenalice.com/game.php?id=1587306"]
[Date "2019.10.18"]
[Round "1"]
[White "jlpbarreto"]
[Black "brigador"]
[Result "0-1"]
[WhiteElo "1896"]
[BlackElo "1954"]

1. g4 d5 2. Bg2 e5 3. a3 Bxg4 4. c4 Be6 5. Qb3 c6 6. Qxb7 Nd7 7. cxd5 cxd5 8.
Nc3 Nc5 9. Qc6+ Nd7 10. Bxd5 Rc8 11. Qa4 Bxd5 12. Nxd5 Bd6 13. d3 Ne7 14. Nc3
O-O 15. Qxa7 Nc6 16. Qe3 Nd4 17. Kd1 Re8 18. Nf3 Nb3 19. Rb1 Bc5 20. Qg5 Qxg5
21. Bxg5 f6 22. Bh4 f5 23. Nd2 Nd4 24. e3 Ne6 25. h3 f4 26. exf4 exf4 27. f3 Ne5
28. Kc2 g5 29. Be1 Nd4+ 30. Kd1 Nxd3 31. Nce4 Be7 0-1

[Event "AUTO-ADV-4249"]
[Site "http://www.queenalice.com/game.php?id=1587307"]
[Date "2019.10.18"]
[Round "1"]
[White "brigador"]
[Black "jlpbarreto"]
[Result "1-0"]
[WhiteElo "1938"]
[BlackElo "1906"]

1. e4 c6 2. d4 d5 3. Nc3 dxe4 4. Nxe4 e5 5. c3 exd4 6. cxd4 h6 7. Be3 Bb4+ 8.
Nc3 Nf6 9. Bd3 Bg4 10. f3 Bh5 11. g4 Bg6 12. Bxg6 fxg6 13. Qd3 Kf7 14. O-O-O Bd6
15. Nh3 Re8 16. g5 Ng8 17. Rhf1 Nd7 18. Qc4+ Kf8 19. Bf4 h5 20. Bxd6+ Ne7 21.
Nf4 1-0

[Event "AUTO-ADV-4249"]
[Site "http://www.queenalice.com/game.php?id=1587314"]
[Date "2019.10.18"]
[Round "1"]
[White "brigador"]
[Black "Magogue"]
[Result "1-0"]
[WhiteElo "1927"]
[BlackElo "1667"]

1. e4 e5 2. Nf3 Nc6 3. d4 exd4 4. Bc4 Be7 5. O-O Nf6 6. e5 Nxe5 7. Nxe5 d5 8.
Bb5+ Bd7 9. Bxd7+ Nxd7 10. Nxd7 Qxd7 11. Re1 O-O 12. Qxd4 Rfe8 13. Nc3 c6 14. a3
Bf6 15. Qd1 Rxe1+ 16. Qxe1 Re8 17. Qf1 1-0

[Event "AUTO-ADV-4249"]
[Site "http://www.queenalice.com/game.php?id=1587315"]
[Date "2019.10.18"]
[Round "1"]
[White "Magogue"]
[Black "brigador"]
[Result "0-1"]
[WhiteElo "1661"]
[BlackElo "1933"]

1. e4 d5 2. exd5 Nf6 3. Nf3 Nxd5 4. Bc4 e6 5. d4 Nc6 6. a3 Bd6 7. O-O O-O 8. Bd3
e5 9. dxe5 Nxe5 10. Nxe5 Bxe5 11. Qh5 g6 12. Qxe5 Re8 13. Qg3 Bd7 14. h4 c5 15.
Bg5 Qb6 16. Nd2 Bc6 0-1

[Event "AUTO-ADV-4227"]
[Site "http://www.queenalice.com/game.php?id=1594948"]
[Date "2020.1.2"]
[Round "2"]
[White "brigador"]
[Black "chessman"]
[Result "0-1"]
[WhiteElo "1895"]
[BlackElo "2051"]

1. e4 e6 2. d4 d5 3. Nc3 dxe4 4. Nxe4 Nd7 5. Nf3 Ngf6 6. Nc3 Be7 7. Bd2 O-O 8.
Bd3 Nd5 9. Nxd5 exd5 10. O-O c6 11. Re1 Nf6 12. Ne5 a6 13. h3 Re8 0-1

[Event "AUTO-ADV-4227"]
[Site "http://www.queenalice.com/game.php?id=1594949"]
[Date "2020.1.2"]
[Round "2"]
[White "chessman"]
[Black "brigador"]
[Result "1-0"]
[WhiteElo "2040"]
[BlackElo "1906"]

1. e4 g6 2. Nf3 d6 3. d4 Bg7 4. Be2 a6 5. O-O Nf6 6. Bd3 b5 7. c3 Nbd7 8. Re1 e6
9. Nbd2 Bb7 10. h3 e5 11. Bc2 O-O 12. Nf1 Re8 13. d5 Rc8 14. Ng3 1-0

[Event "AUTO-ADV-4227"]
[Site "http://www.queenalice.com/game.php?id=1594950"]
[Date "2020.1.2"]
[Round "2"]
[White "brigador"]
[Black "Brizzio"]
[Result "0-1"]
[WhiteElo "1933"]
[BlackElo "1971"]

1. e4 c5 2. Nf3 Nc6 3. Bb5 a6 4. Bxc6 bxc6 5. b3 d5 6. exd5 cxd5 7. d4 e6 8. O-O
Nf6 9. Bb2 Bd6 10. c4 Bb7 11. Nc3 O-O 12. Re1 Qc7 13. Ne5 cxd4 14. Qxd4 Bxe5 15.
Rxe5 Rfd8 16. c5 Nd7 0-1

[Event "AUTO-ADV-4227"]
[Site "http://www.queenalice.com/game.php?id=1594951"]
[Date "2020.1.2"]
[Round "2"]
[White "Brizzio"]
[Black "brigador"]
[Result "1-0"]
[WhiteElo "1985"]
[BlackElo "1919"]

1. d4 d5 2. e3 c6 3. c4 Nf6 4. Nc3 e6 5. Bd3 Bd7 6. f4 Bb4 7. a3 Be7 8. c5 O-O
9. Nf3 b6 10. g4 Nxg4 11. h4 bxc5 12. Bd2 c4 13. Bc2 Bf6 14. h5 h6 15. Qe2 Re8
16. Rg1 Bh4+ 17. Nxh4 1-0